<?xml version="1.0" encoding="UTF-8"?><?xml-stylesheet type="text/xsl" href="static/style.xsl"?><OAI-PMH xmlns="http://www.openarchives.org/OAI/2.0/" xmlns:xsi="http://www.w3.org/2001/XMLSchema-instance" xsi:schemaLocation="http://www.openarchives.org/OAI/2.0/ http://www.openarchives.org/OAI/2.0/OAI-PMH.xsd"><responseDate>2026-04-18T07:15:46Z</responseDate><request verb="GetRecord" identifier="oai:www.recercat.cat:2445/218381" metadataPrefix="marc">https://recercat.cat/oai/request</request><GetRecord><record><header><identifier>oai:recercat.cat:2445/218381</identifier><datestamp>2025-12-05T02:11:59Z</datestamp><setSpec>com_2072_1057</setSpec><setSpec>col_2072_478772</setSpec><setSpec>col_2072_478917</setSpec></header><metadata><record xmlns="http://www.loc.gov/MARC21/slim" xmlns:dcterms="http://purl.org/dc/terms/" xmlns:xsi="http://www.w3.org/2001/XMLSchema-instance" xmlns:doc="http://www.lyncode.com/xoai" xsi:schemaLocation="http://www.loc.gov/MARC21/slim http://www.loc.gov/standards/marcxml/schema/MARC21slim.xsd">
   <leader>00925njm 22002777a 4500</leader>
   <datafield ind2=" " ind1=" " tag="042">
      <subfield code="a">dc</subfield>
   </datafield>
   <datafield ind2=" " ind1=" " tag="720">
      <subfield code="a">Fortuny-Agramunt, Jaume</subfield>
      <subfield code="e">author</subfield>
   </datafield>
   <datafield ind2=" " ind1=" " tag="260">
      <subfield code="c">2025-01-31T18:21:58Z</subfield>
   </datafield>
   <datafield ind2=" " ind1=" " tag="260">
      <subfield code="c">1994-07-01</subfield>
   </datafield>
   <datafield ind2=" " ind1=" " tag="260">
      <subfield code="c">2025-01-31T18:21:58Z</subfield>
   </datafield>
   <datafield ind2=" " ind1=" " tag="260">
      <subfield code="c">info:eu-repo/date/embargoEnd/2099-01-01</subfield>
   </datafield>
   <datafield ind2=" " ind1=" " tag="520">
      <subfield code="a">Oskar Schlemmer és el professor més oblidat del Bauhaus, malgrat que els seus escrits als 'Bauhausbücher' siguin pilar ideològic. Solem concedir molta importància a la primera concepció del Bauhaus establerta per Gropius, però en entrar en la qüestió veiem que els últims estudis s'allunyen d´aquesta idea per evidenciar que l'escola no va tenir una teoria pedagògica unilateral, sinó diferents concepcions segons els professors-artistes. La diferenciació de Schlemmer és clara, i el seu curs Der Mensch (1928-29) a l'Escola Bauhaus de Dessau és el punt més àlgid de la divergència. El pensament pedagògic de Schlemmer és invers al de Kandinsky, doncs creu que el procés ha d´anar de la intuïció a la construcció, del subjecte a l´objecte. La metodologia del professor més divergent de l'Escola tampoc és capaç d'autoconscienciar l'alumne perquè accepta el propòsit Bauhaus d´entendre l´art com una acció projectada on l'objectiu no és l'individu sinó el producte. El moviment Bauhaus s'imbrica tant al món industrial que dilata l'Estètica cap a l'Estetico-política, àmbit on el Jo fenomènic no té altre sentit que el de pur motor projectual inapte per discutir però convenient per mecanitzar. El fet d'excusar l'avantguarda com sinónim d'investigació comporta buscar un caràcter científic a l'art, i aquesta postura desmereix la historicitat de l´exercici-experiment en favor del resultat. Aquesta perillosa amnèsia identifica la metodologia de l'actual pedagogia per a l´art d´avantguarda. El greu és que utilitzant-la es crea un exercici que no serà més que un hibridacionisme recombinatori, i per consegüent, l'ensenyament de l´art un simulacre.</subfield>
   </datafield>
   <datafield tag="653" ind2=" " ind1=" ">
      <subfield code="a">Avantguarda (Estètica)</subfield>
   </datafield>
   <datafield tag="653" ind2=" " ind1=" ">
      <subfield code="a">Art alemany</subfield>
   </datafield>
   <datafield tag="653" ind2=" " ind1=" ">
      <subfield code="a">Arts visuals</subfield>
   </datafield>
   <datafield tag="653" ind2=" " ind1=" ">
      <subfield code="a">Avant-garde (Aesthetics)</subfield>
   </datafield>
   <datafield tag="653" ind2=" " ind1=" ">
      <subfield code="a">German art</subfield>
   </datafield>
   <datafield tag="653" ind2=" " ind1=" ">
      <subfield code="a">Visual arts</subfield>
   </datafield>
   <datafield ind2="0" ind1="0" tag="245">
      <subfield code="a">Oskar Schlemmer com a exemple de la mentida Bauhaus i la seva pervivència en l'actual pedagogia per a l'art d'avantguarda.</subfield>
   </datafield>
</record></metadata></record></GetRecord></OAI-PMH>